[Event "Challenge"]
[Site "http://www.queenalice.com/game.php?id=181328"]
[Date "2007.3.13"]
[Round "-"]
[White "Archer"]
[Black "ArionnOlsen"]
[Result "0-1"]
[WhiteElo "1546"]
[BlackElo "1532"]

1. e4 e5 2. d3 Nc6 3. h4 d6 4. Nc3 Nf6 5. Be3 Be6 6. Qe2 Nd4 7. Qd2 d5 8. f3 Bb4
9. a3 Bxc3 10. Qxc3 dxe4 11. f4 Ng4 12. dxe4 Nxe3 13. Nf3 Nexc2+ 14. Kf2 Nxa1
15. fxe5 Nac2 16. Bd3 Nxf3 17. Qxc2 Nxe5 18. Qa4+ c6 19. Ke3 Qxd3+ 20. Kf4 Ng6+
21. Kg5 Qg3+ 22. Kh5 Qe5# 0-1

[Event "AUTO-OPEN-589"]
[Site "http://www.queenalice.com/game.php?id=182073"]
[Date "2007.3.15"]
[Round "1"]
[White "ArionnOlsen"]
[Black "black13"]
[Result "0-1"]
[WhiteElo "1501"]
[BlackElo "1822"]

1. d4 d5 2. Nc3 Nf6 3. Bg5 e6 4. a3 Be7 5. Nf3 h6 6. Bh4 Nc6 7. e4 g5 8. Bg3 Nh5
9. Be5 Bf6 10. Bb5 Bd7 11. O-O Nxe5 12. Nxe5 Bxb5 13. Nxb5 Bxe5 14. dxe5 dxe4
15. Qxh5 a6 16. Nc3 Qd4 17. Rad1 Qxe5 18. Rfe1 Ke7 19. Rxe4 Qf5 20. Nd5+ Kf8 21.
Nc3 Kg7 22. Qg4 Qg6 23. Rc4 c6 24. Rd2 Rhd8 25. Rcd4 Rxd4 26. Qxd4+ f6 0-1

[Event "AUTO-OPEN-589"]
[Site "http://www.queenalice.com/game.php?id=182102"]
[Date "2007.3.15"]
[Round "1"]
[White "ArionnOlsen"]
[Black "ray"]
[Result "0-1"]
[WhiteElo "1439"]
[BlackElo "1665"]

1. d4 c5 2. dxc5 Qa5+ 3. Bd2 Qxc5 4. e4 Nf6 5. Bd3 d5 6. b4 Qd4 7. Bc3 Qb6 8.
Ne2 Bg4 9. Nd2 e6 10. a3 Nh5 11. f3 Bd6 12. fxg4 Nf4 13. Nxf4 Bxf4 0-1

[Event "AUTO-OPEN-589"]
[Site "http://www.queenalice.com/game.php?id=182103"]
[Date "2007.3.15"]
[Round "1"]
[White "ray"]
[Black "ArionnOlsen"]
[Result "1-0"]
[WhiteElo "1677"]
[BlackElo "1446"]

1. c4 Nf6 2. Nc3 e5 3. g3 Bc5 4. Bg2 O-O 5. e3 Nc6 6. Nge2 a6 7. O-O Ne7 8. d4
exd4 9. exd4 Ba7 10. c5 b6 11. Bxa8 c6 12. Bxc6 dxc6 13. cxb6 1-0

[Event "AUTO-INT-287"]
[Site "http://www.queenalice.com/game.php?id=191479"]
[Date "2007.4.4"]
[Round "2"]
[White "jeffersonchess"]
[Black "ArionnOlsen"]
[Result "1-0"]
[WhiteElo "1939"]
[BlackElo "1533"]

1. d4 d5 2. c4 Nf6 3. Nc3 e6 4. Nf3 Bb4 5. Bd2 dxc4 6. e3 a6 7. Bxc4 b5 8. Bd3
O-O 9. a3 Ba5 10. b4 Bb6 11. O-O Bb7 12. Rc1 1-0

[Event "AUTO-INT-287"]
[Site "http://www.queenalice.com/game.php?id=191480"]
[Date "2007.4.4"]
[Round "2"]
[White "ArionnOlsen"]
[Black "jeffersonchess"]
[Result "0-1"]
[WhiteElo "1531"]
[BlackElo "1941"]

1. e4 e6 2. Nf3 c6 3. Nc3 d5 4. Be2 Bb4 5. exd5 cxd5 6. a3 Ba5 7. b4 Bc7 8. d4
Nc6 9. O-O Nge7 10. Be3 O-O 11. Nb5 a6 12. Nxc7 Qxc7 0-1

[Event "AUTO-INT-287"]
[Site "http://www.queenalice.com/game.php?id=191485"]
[Date "2007.4.4"]
[Round "2"]
[White "ArionnOlsen"]
[Black "Kritikos"]
[Result "0-1"]
[WhiteElo "1525"]
[BlackElo "1713"]

1. e4 e5 2. Nf3 Nf6 3. d3 Bc5 4. Nc3 Nc6 5. h3 h6 6. a3 a6 7. b4 Bb6 8. Ne2 d6
9. Bb2 Be6 10. d4 exd4 11. Nexd4 Nxd4 12. Nxd4 Nxe4 13. Nxe6 Bxf2+ 14. Ke2 fxe6
15. Bxg7 Rg8 16. Bd4 Qg5 17. Bxf2 Nc3+ 0-1

[Event "AUTO-INT-287"]
[Site "http://www.queenalice.com/game.php?id=191486"]
[Date "2007.4.4"]
[Round "2"]
[White "Kritikos"]
[Black "ArionnOlsen"]
[Result "1-0"]
[WhiteElo "1721"]
[BlackElo "1517"]

1. d4 d5 2. c4 c6 3. c5 Bf5 4. Nf3 b6 5. Nc3 bxc5 6. Bf4 Nd7 7. Ne5 cxd4 8. Qxd4
Nxe5 9. Bxe5 f6 10. Bg3 e5 11. Qa4 Ne7 12. Rd1 Qb6 13. Nxd5 Nxd5 14. Rxd5 Kf7
15. Rd1 Bb4+ 16. Rd2 Bxd2+ 17. Kxd2 1-0

[Event "AUTO-INT-287"]
[Site "http://www.queenalice.com/game.php?id=191487"]
[Date "2007.4.4"]
[Round "2"]
[White "ArionnOlsen"]
[Black "brazuka"]
[Result "0-1"]
[WhiteElo "1466"]
[BlackElo "1555"]

1. e4 e5 2. Nf3 d6 3. Nc3 Nf6 4. Bc4 Bd7 5. d4 exd4 6. Nxd4 c5 7. Nf3 Be7 8. O-O
Qc7 9. Re1 Nc6 10. Nd5 Nxd5 11. Bxd5 O-O 12. b3 Rae8 13. Bb2 Nb4 14. Bc4 Bc6 15.
a3 Na6 16. e5 d5 17. Be2 b5 0-1

[Event "AUTO-INT-287"]
[Site "http://www.queenalice.com/game.php?id=191488"]
[Date "2007.4.4"]
[Round "2"]
[White "brazuka"]
[Black "ArionnOlsen"]
[Result "1-0"]
[WhiteElo "1541"]
[BlackElo "1480"]

1. b4 e5 2. Bb2 d6 3. e4 Nf6 4. Bc4 a6 5. g4 Nxe4 6. Nf3 Bxg4 7. Nc3 Nxc3 8.
dxc3 b5 9. Bd5 c6 10. Be4 Nd7 11. Qe2 Rc8 12. h3 Bh5 13. O-O-O d5 14. Bf5 Bd6
15. Rhg1 g6 16. Bg4 Bxg4 17. hxg4 O-O 18. g5 1-0

[Event "AUTO-OPEN-617"]
[Site "http://www.queenalice.com/game.php?id=194395"]
[Date "2007.4.10"]
[Round "1"]
[White "Tonto"]
[Black "ArionnOlsen"]
[Result "1-0"]
[WhiteElo "1832"]
[BlackElo "1432"]

1. e4 e5 2. Nf3 Qe7 3. Nc3 Nf6 4. d4 d6 5. dxe5 dxe5 6. Nd5 Nxd5 7. Qxd5 Nd7 8.
Bd2 c6 9. Qb3 Nc5 10. Qe3 Qf6 11. Bc3 Bd6 12. Nxe5 Bxe5 13. Qxc5 Bxc3+ 14. Qxc3
Qg6 15. f3 O-O 16. g4 Re8 17. O-O-O Be6 18. Bd3 Qg5+ 19. Qd2 Qxd2+ 20. Rxd2 Rad8
21. a3 1-0

[Event "AUTO-OPEN-617"]
[Site "http://www.queenalice.com/game.php?id=194396"]
[Date "2007.4.10"]
[Round "1"]
[White "ArionnOlsen"]
[Black "Tonto"]
[Result "0-1"]
[WhiteElo "1430"]
[BlackElo "1834"]

1. e4 e5 2. Nf3 Nc6 3. Bc4 h6 4. O-O Nf6 5. d4 Nxe4 6. Re1 Na5 7. Nxe5 d5 8. Bd3
Qf6 9. f3 Nd6 10. Nc3 c6 11. Ng4+ Qe7 12. Rxe7+ Bxe7 13. b3 b5 14. b4 Nac4 15.
Ne5 Bf6 16. Qe1 O-O 17. f4 a5 18. Nxc6 Re8 19. Ne5 Bf5 20. Bxf5 Nxf5 0-1

[Event "AUTO-OPEN-617"]
[Site "http://www.queenalice.com/game.php?id=194421"]
[Date "2007.4.10"]
[Round "1"]
[White "ArionnOlsen"]
[Black "Chazam"]
[Result "0-1"]
[WhiteElo "1498"]
[BlackElo "1441"]

1. d4 e6 2. Nf3 c6 3. c4 Bb4+ 4. Bd2 Bxd2+ 5. Qxd2 Nf6 6. Nc3 Na6 7. e3 b6 8. a3
Bb7 9. Bd3 Qc7 10. O-O h6 11. b4 g5 12. Ne4 Nxe4 13. Bxe4 O-O-O 14. b5 f5 15.
Bd3 Rdg8 16. bxa6 Bxa6 17. Ne1 g4 18. g3 h5 19. f4 h4 0-1

[Event "AUTO-OPEN-617"]
[Site "http://www.queenalice.com/game.php?id=194422"]
[Date "2007.4.10"]
[Round "1"]
[White "Chazam"]
[Black "ArionnOlsen"]
[Result "1-0"]
[WhiteElo "1547"]
[BlackElo "1549"]

1. g4 e5 2. e4 Nf6 3. f3 d6 4. b3 b6 5. d3 d5 6. Bg5 Be7 7. Bh3 h6 8. Bh4 g5 9.
Bg3 Nc6 10. exd5 Nxd5 11. Qd2 Bf6 12. Nc3 1-0

[Event "AUTO-OPEN-617"]
[Site "http://www.queenalice.com/game.php?id=194423"]
[Date "2007.4.10"]
[Round "1"]
[White "ArionnOlsen"]
[Black "HerbertBoffdude007"]
[Result "0-1"]
[WhiteElo "1452"]
[BlackElo "1804"]

1. d4 Nf6 2. c4 g6 3. Nc3 d5 4. cxd5 Nxd5 5. Nxd5 Qxd5 6. e3 Bg7 7. Nf3 Bg4 8.
Be2 O-O 9. O-O c6 10. h3 Be6 11. b3 Qd8 12. Bb2 Nd7 13. Rb1 Rc8 14. a4 c5 15.
dxc5 Nxc5 16. Bxg7 Kxg7 17. Nd4 Qc7 18. Rc1 Qb6 19. Nxe6+ Nxe6 20. Bc4 Rfd8 21.
Qe2 Nc5 22. Qb2+ Kg8 0-1

[Event "AUTO-OPEN-617"]
[Site "http://www.queenalice.com/game.php?id=194424"]
[Date "2007.4.10"]
[Round "1"]
[White "HerbertBoffdude007"]
[Black "ArionnOlsen"]
[Result "1-0"]
[WhiteElo "1802"]
[BlackElo "1454"]

1. b3 e5 2. Bb2 Nc6 3. e3 Nf6 4. Bb5 a6 5. Bxc6 dxc6 6. Bxe5 Bd6 7. Bb2 O-O 8.
Ne2 c5 9. c4 c6 10. Nbc3 Re8 11. O-O b5 12. d3 Bf5 13. e4 Bg6 14. f4 Ng4 15. Bc1
f5 16. e5 Bc7 17. h3 Nh6 18. Be3 b4 19. Nb1 Bf7 20. Bxc5 a5 21. Be3 Bb6 22. Bxb6
Qxb6+ 23. Kh2 1-0

[Event "AUTO-OPEN-411"]
[Site "http://www.queenalice.com/game.php?id=201229"]
[Date "2007.4.23"]
[Round "2"]
[White "QuickQuickSlow"]
[Black "ArionnOlsen"]
[Result "1-0"]
[WhiteElo "2014"]
[BlackElo "1450"]

1. e4 e5 2. Nc3 Nf6 3. f4 d6 4. Nf3 Nbd7 5. Bc4 h6 6. O-O Nb6 7. Bb3 Qe7 8. d4
Bg4 9. fxe5 dxe5 10. dxe5 Bxf3 11. Qxf3 Qxe5 12. Bf4 Qc5+ 13. Be3 1-0

[Event "AUTO-OPEN-411"]
[Site "http://www.queenalice.com/game.php?id=201230"]
[Date "2007.4.23"]
[Round "2"]
[White "ArionnOlsen"]
[Black "QuickQuickSlow"]
[Result "0-1"]
[WhiteElo "1448"]
[BlackElo "2016"]

1. d4 Nf6 2. c4 g6 3. Nc3 d5 4. Nf3 Bg7 5. e3 O-O 6. Bd3 c5 7. dxc5 dxc4 8. Bxc4
Qa5 9. O-O Qxc5 10. Bb3 Nc6 11. Re1 Bg4 12. h3 Bxf3 0-1

[Event "AUTO-OPEN-411"]
[Site "http://www.queenalice.com/game.php?id=201235"]
[Date "2007.4.23"]
[Round "2"]
[White "ArionnOlsen"]
[Black "ENDHER"]
[Result "0-1"]
[WhiteElo "1527"]
[BlackElo "2317"]

1. d4 Nc6 2. Nf3 d5 3. c4 Bg4 4. Nc3 e6 5. e3 Nf6 6. Bd3 dxc4 7. Bxc4 Bd6 8. h3
Bh5 9. O-O a6 10. g4 Bg6 11. Nh4 Nd7 0-1

[Event "AUTO-OPEN-411"]
[Site "http://www.queenalice.com/game.php?id=201236"]
[Date "2007.4.23"]
[Round "2"]
[White "ENDHER"]
[Black "ArionnOlsen"]
[Result "1-0"]
[WhiteElo "2316"]
[BlackElo "1529"]

1. d4 d5 2. c4 e6 3. Nc3 Nf6 4. Bg5 Be7 5. Nf3 Nbd7 6. e3 c5 7. cxd5 exd5 8. Be2
b6 9. dxc5 bxc5 10. Nxd5 Nxd5 11. Qxd5 Rb8 12. Ne5 O-O 13. Nc6 1-0